Normal view
MARC view
- Gupta, S C .
Entry Personal Name
001 - CONTROL NUMBER
- control field: 1448
003 - CONTROL NUMBER IDENTIFIER
- control field: OSt
005 - DATE AND TIME OF LATEST TRANSACTION
- control field: 20160905125009.0
008 - FIXED-LENGTH DATA ELEMENTS
- fixed length control field: 160905|| aca||aabn | a|a d
040 ## - CATALOGING SOURCE
- Original cataloging agency: OSt
- Transcribing agency: OSt
100 ## - HEADING--PERSONAL NAME
- Personal name: Gupta, S C .
670 ## - SOURCE DATA FOUND
- Source citation: Work cat.: (OSt)10372: Bhargava, N. N . 1446, Basic Electronics and Linear Circuits / , 1984.
